=LDR 00000nam 2200000 4500 =001 INLIS00000000000048 =005 20260702043538 =020 ##$$a 978-602-1243-85-5 =082 ##$$a 012.378 =100 1#$$a Al-Ghifary, Abu Ibrahim =245 1 $$a Kisah Teladan Akhlak Terpuji /$c Abu Ibrahim Al-Ghifary =300 ##$$a 48 ; 24,5 x 17,5